000 00679nam 22001933 4500
001 201138
090 _a201138
100 _a20250915d u||y0pory50 ba
101 _apor
102 _aPT
200 _aOde à Fernando Pessoa
_fRobert Bréchon
300 _aSeparata Colóquio - Letras, Lisboa,63
327 _aOferta com dedicatória da escritora para o Prof. Almeida Faria
461 _tseparata do nº 63, 1981
_fFundação Calouste Gulbenkian
606 _97
_aLiteratura Francesa
700 _aBréchon
_bRobert
_cEnsaísta francês; especialista na vida e obra de Fernando Pessoa
_f1920-2012
_912492
801 _aPT
_bBMMN
_gRPC
990 _cARTIGOS